• 首页
  • 本馆介绍
  • 公告通知
  • 最新文献
  • 馆藏检索
  • 电子资源
  • 读者导购
  • 参考咨询
  • 我的图书馆
  • 登录
  • 详细信息显示
  • 放入我的书架
  • 预约/预借图书
  • 作者相关作品
  • 分类相关作品
  • 丛书相关作品
  • 出版社相关作品

书目信息

  • 表格格式
  • 工作单格式
  • 卡片格式
题名:
用好小型拖拉机百题问答
    
 
作者: 王乃迪 , 杨福 编著
分册:  
出版信息: 北京   农业出版社  1986
页数: 132页
开本: 19cm
丛书名:
单 册:
中图分类: S219-44
科图分类: 65.51
主题词: 小型拖拉机--应用--问答
电子资源:
ISBN: 15144.714
000 00710nam0 2200253 450
001 0187202804
005 20100712222258.0
010    @a15144.714@dCNY0.72
091    @a15144.714
100    @a19960813d1986 em y0chiy0110 ea
101 0  @achi
102    @aCN@b110000
105    @ay z 000yy
106    @ar
200 1  @a用好小型拖拉机百题问答@9Yong Hao Xiao Xing Tuo La Ji Bai;Bo Ti Wen Da @f王乃迪,杨福编著
210    @a北京@c农业出版社@d1986
215    @a132页@d19cm
606 0  @a小型拖拉机@x应用@x问答
690    @aS219-44@v3
692    @a65.51@v2
701  0 @a王乃迪@9wang nai di@4编著
701  0 @a杨福@9yang fu@4编著
801  0 @aCN@b91MARC@c20130904
905    @aBZT@dS219-44@e1@f1@sS219-44/1
    
    用好小型拖拉机百题问答/王乃迪,杨福编著.-北京:农业出版社,1986
    132页;19cm
    
    
    ISBN 15144.714:CNY0.72
    
●
相关链接 在五车中查询图书 在当当中查询图书 在豆瓣中查询图书


正题名:用好小型拖拉机百题问答     索取号:S219-44/1         预约/预借

序号 登录号 条形码 馆藏地/架位号 状态 备注
1 2000088653   2000088653   旧书回溯/ [索取号:S219-44/1] 在馆    
山东省滨州职业学院图书馆 欢迎您!
大连网信软件有限公司© 版权所有